| 000 | 00000nam 2200000za 4500 |
| 001 | 9.697880 |
| 003 | CaOODSP |
| 005 | 20210624235658 |
| 007 | cr ||||||||||| |
| 008 | 150407|1917||||xxc|||||o f|0| 0 eng d |
| 040 | |aCaOODSP|beng |
| 043 | |an-cn--- |
| 086 | 1 |aA22-581/1917E-PDF |
| 110 | 1 |aCanada.|bAgriculture Canada. |bCanada Food Board. |
| 245 | 10|aFood service : |h[electronic resource] |ba hand book for speakers / |cpublished by the Food Controller for Canada. |
| 260 | |aOttawa - Ontario : |bAgriculture Canada. |c1917. |
| 300 | |a16p.|btables |
| 500 | |aHistorical publication digitized by Agriculture and Agri-Food Canada. "Help to shatter Germany's threat of starvation"--p.1. |
| 590 | |a13-17-Supp|b2013-07-25 |
| 690 | 07|aAgri-food industry|2gcpds |
| 690 | 07|aFood supply|2gcpds |
| 690 | 07|aWar|2gcpds |
| 690 | 07|aWorld war, 1914-1918|2gcpds |
| 856 | 40|ahttp://publications.gc.ca|qPDF|s5.80 MB|uhttps://publications.gc.ca/collections/collection_2013/aac-aafc/agrhist/A22-581-1917-eng.pdf |